000 00891nam a2200265 a 4500
001
003
005 20210511102953.0
008 100521t2018 dr a 001 p spa d
020 _a9789945503289
040 _aBPMSU
_bspa
_cBPMSU
082 _aG861.08
_bQ58c
_222
245 1 0 _aEl quetzal, colibrí gigante :
_bantología de poesía guatemalteca /
_cselección y notas de Enrique Noriega.
260 _aSanto Domingo :
_bEditora Nacional,
_c2018
300 _a461 p. ;
_c23 cm.
490 0 _aHomenaje ;
_apoesía
500 _aIncluye datos biográficos del compilador en la solapa de la cubierta
590 _6Inventariado, 2021/VM
650 4 _aPoesía guatemalteca
_vColecciones
_x
650 4 _aLiteratura guatemalteca
_vColecciones
700 _aNoriega, Enrique
_eselección
_d1949-
830 0 _aHomenaje ;
_apoesía
910 _aVMateo
942 _2ddc
_cBK
999 _c13474
_d13474